Alle Modernen Länder, die jemals von Arabern kontrolliert wurden - Statistiken

Allgemein
  • Dieses Quiz wurde 45 mal gespielt
  • Das Durchschnittsergebnis liegt bei 58 aus 63
Antworten auf der Karte
Die Antworten werden auf der Karte rot bzw. grün angezeigt, abhängig davon wie oft sie richtig erraten wurden.
 
Antwortstatistiken
Länder % Korrekt
Ägypten
100%
Algerien
98%
Frankreich
98%
Libyen
98%
Marokko
98%
Niger
98%
Nigeria
98%
Portugal
98%
Spanien
98%
Sudan
98%
Südsudan
98%
Tunesien
98%
Andorra
95%
Indien
95%
Irak
95%
Iran
95%
Italien
95%
Mali
95%
Mauretanien
95%
Oman
95%
Russland
95%
Saudi-Arabien
95%
Syrien
95%
Tschad
95%
Türkei
95%
Afghanistan
93%
Armenien
93%
Aserbaidschan
93%
Äthiopien
93%
Demokratische Republik Kongo
93%
Georgien
93%
Griechenland
93%
Israel
93%
Jemen
93%
Jordanien
93%
Kasachstan
93%
Katar
93%
Kuwait
93%
Libanon
93%
Pakistan
93%
Somalia
93%
Turkmenistan
93%
Usbekistan
93%
Vereinigte Arabische Emirate
93%
Zypern
93%
Bahrain
90%
Burkina Faso
90%
Kenia
90%
Kirgisistan
90%
Tadschikistan
90%
Tansania
90%
Dschibuti
88%
Zentralafrikanische Republik
88%
Kamerun
85%
Benin
83%
Madagaskar
83%
Malta
83%
Sambia
83%
Eritrea
80%
Kroatien
78%
Mosambik
78%
Komoren
76%
Burundi
71%
Keine übereinstimmenden Quizze gefunden
Verteilung der Resultate
Anzahl Personen mit jedem Resultat
Perzentil nach korrekt beantworteten Fragen
Ihre Resultats-Entwicklung
Sie haben dieses Quiz noch nicht gespielt